000 00828nam a2200241 i 4500
001 76971
003 ES-MaACL
005 20250511130023.0
007 t|
008 041006s1977 sp ||||1| spa d
020 _a84-249-0715-9
080 _a821.134.2 Rojas, Fernando de 7 Celestina. 07
100 1 _aGurza, Esperanza.
_961010
245 1 0 _aLectura existencialista de "La Celestina" /
_cEsperanza Gurza.
260 _aMadrid :
_bGredos,
_c[1977]
300 _a351 p. ;
_c20 cm.
490 1 _aBiblioteca románica hispánica II. Estudios y ensayos ;
_v257
504 _aBibliografía: p. 329-341.
600 1 4 _aRojas, Fernando de,
_dca. 1470-1541.
_tLa Celestina
_999043
830 1 _aBiblioteca románica hispánica II. Estudios y ensayos ;
_v257
_9178108
852 _aES-MaACL
_jA-6780
999 _c76971
_d76971